Szczegóły MARC21

Taksonomia numeryczna : klasyfikacja, porządkowanie i analiza obiektów wielocechowych /

003 -Nazwa inst., której nr kontr. jest w polu 001 [,]
    • @
    • Nazwa instytucji, której n kontrolny jest w polu 001
    • NUKAT
005 -DATA I CZAS OSTATNIEJ MODYFIKACJI [,]
    • @
    • pole kontrolne
    • 20241231113357.0
020 -Międzynarod. znormalizowany nr książki - ISBN [ , ]
    • a
    • Numer ISBN
    • 8370118054 Find
040 -Instytucja sporządzająca opis [ , ]
    • a
    • Instytucja, która sporządziła opis (NP)
    • SZCZ M/KB
    • c
    • Instytucja, która sporządziła rekord (NP)
    • SZCZ M/KB
    • d
    • Instytucja, która zmodyfikowała rekord (P)
    • KR U/BMigs
041 -Język dokumentu [0, ]
    • a
    • Język tekstu (P)
    • polski
    • b
    • Język streszczeń lub abstraktu (P)
    • angielski
942 -Rodzaj dokumentu [ , ]
    • c
    • Rodzaj dokumentu
    • Książka
100 -Hasło główne - nazwa osobowa [1, ]
    • a
    • Nazwa osobowa (NP)
    • Kolenda, Maria.
    • 9
    • KHW
    • 583119
245 -Strefa tytułu i oznaczenia odpowiedzialności [1,0]
    • a
    • Tytuł
    • Taksonomia numeryczna : Find
    • b
    • Ciąg dalszy tytułu (NP)
    • klasyfikacja, porządkowanie i analiza obiektów wielocechowych / Find
    • c
    • Pozostałe elementy strefy tytułu i oznaczenia odpowiedzialności (NP)
    • Maria Kolenda.
260 -Strefa adresu wydawniczego [ , ]
    • a
    • Miejsce wydania (P)
    • Wrocław :
    • b
    • Nazwa wydawcy (P)
    • Wydawnictwo Akademii Ekonomicznej im. Oskara Langego we Wrocławiu,
    • c
    • Data wydania (P)
    • 2006.
300 -Strefa opisu fizycznego [ , ]
    • a
    • Określenie formy książki i/lub objętość (NP)
    • 358, [1] s. :
    • b
    • Oznaczenie ilustracji (NP)
    • il. ;
    • c
    • Format (NP)
    • 24 cm +
    • e
    • Oznaczenie dokumentu towarzyszącego (NP)
    • CD-ROM.
336 -Typ zawartości [ , ]
    • a
    • Termin opisujący typ zawartości
    • Tekst
    • b
    • Kod określający zawartość
    • txt
    • 2
    • Źródło (terminu i kodu)
    • rdacontent
337 -Typ mediów [ , ]
    • a
    • Tryb odtwarzania
    • Bez urządzenia pośredniczącego
    • b
    • Kod typu mediów
    • n
    • 2
    • Źródło (terminu i kodu)
    • rdamedia
338 -Typ/rodzaj nośnika [ , ]
    • a
    • Hasło opisujące typ nośnika
    • Wolumin
    • b
    • Kod typu nośnika
    • nc
    • 2
    • Źródło (terminu i kodu)
    • rdacarrier
490 -Strefa serii i książki wielotomowej - forma nie do wyszukiwania [1, ]
    • a
    • Tytuł (P)
    • Prace Naukowe Akademii Ekonomicznej im. Oskara Langego we Wrocławiu. Monografie i Opracowania, Find
    • x
    • ISSN (NP)
    • 0239-8532 ;
    • v
    • Numeracja (P)
    • nr 170
830 -Hasło dodatkowe serii i opisu książki wielotomowej - tytuł ujednolicony/tytuł [ ,0]
    • a
    • Tytuł ujednolicony/tytuł (NP)
    • Prace Naukowe Akademii Ekonomicznej im. Oskara Langego we Wrocławiu
    • x
    • ISSN
    • 0324-8445
    • v
    • Oznaczenie tomu (NP)
    • nr 1106
    • 9
    • KHW
    • 1124
830 -Hasło dodatkowe serii i opisu książki wielotomowej - tytuł ujednolicony/tytuł [ ,0]
    • a
    • Tytuł ujednolicony/tytuł (NP)
    • Prace Naukowe Akademii Ekonomicznej im. Oskara Langego we Wrocławiu.
    • p
    • Nazwa części/podserii/sekcji (P)
    • Monografie i Opracowania
    • x
    • ISSN
    • 0239-8532
    • v
    • Oznaczenie tomu (NP)
    • nr 170
    • 9
    • KHW
    • 8207
500 -Uwaga ogólna [ , ]
    • a
    • Uwaga ogólna (NP)
    • Zawiera opis programu komputerowego "Taksonomia numeryczna".
500 -Uwaga ogólna [ , ]
    • a
    • Uwaga ogólna (NP)
    • W serii gł.: nr 1106.
504 -Uwaga dot. bibliogr. załącznikowej [ , ]
    • a
    • Uwaga dot. bibliografii załącznikowej
    • Bibliogr. s. 355-358.
546 -Uwaga dot. języka [ , ]
    • a
    • Uwaga dot. języka
    • Streszcz. ang.
080 -Uniwersalna Klasyfikacja Dziesiętna [ , ]
    • 2
    • Identyfikator wydania tablic
    • UDC-P022
    • a
    • Symbol klasyfikacji
    • 519.61/.64
    • b
    • Dopowiedzenie
    • Analiza numeryczna. Metody numeryczne.
080 -Uniwersalna Klasyfikacja Dziesiętna [ , ]
    • 2
    • Identyfikator wydania tablic
    • UDC-P022
    • a
    • Symbol klasyfikacji
    • 330.43
    • b
    • Dopowiedzenie
    • Ekonometria.
650 -Hasło przedmiotowe [ ,7]
    • a
    • Hasło przedmiotowe
    • Taksonomia numeryczna
    • x
    • Określnik rzeczowy
    • metodologia.
    • 2
    • Źródło terminu
    • kaba
    • 9
    • KHW
    • 583470
650 -Hasło przedmiotowe [ ,7]
    • a
    • Hasło przedmiotowe
    • Taksonomia numeryczna
    • x
    • Określnik rzeczowy
    • oprogramowanie.
    • 2
    • Źródło terminu
    • kaba
    • 9
    • KHW
    • 583471
980 -Symbol UKD [ , ]
    • a
    • UKD
    • 519.61/.64:330.43
710 -Hasło dodatkowe - nazwa ciała zbiorowego [2, ]
    • a
    • Nazwa ciała zbiorowego lub nazwa geograficzna jako pierwszy element (NP)
    • Akademia Ekonomiczna im. Oskara Langego (Wrocław).
    • b
    • Nazwa jednostki podrzędnej (P)
    • Wydawnictwo.
    • 4
    • Kod relacji
    • pbl
    • 9
    • KHW
    • 73622
920 -ISBN [ , ]
    • a
    • ISBN
    • 83-7011-805-4 Find
Numer inwentarzowy Status udost. Data inwentaryzacji Lokalizacja Sygnatura
E.7064212007-03-14BEEc.2396
E.70943-22007-08-31BE